000 00227nam a2200097Ia 4500
008 230508s1986 xx 000 0 und d
041 _aeng
100 _aHOUGEN/WATSON.
245 _aCHEMICAL PROCESS PRINCIPLES.
260 _c1986
999 _c316276
_d316276